000 00433nam a2200145Ia 4500
008 211109s9999||||xx |||||||||||||| ||und||
082 _a531.1
_bTAI-T
100 _aTait, Peterg, S William John,
245 0 _aTreatise On Dynamics Of Particle, 6th Edn
260 _bMacmillan and Co., Limited
_aKingston
_c1989
300 _a412p.
630 _xGeneral Stack
650 _aCLASSICAL MECHANISM;SOLID MECHANISM
_xPhysics
942 _cBOOK
999 _c4453
_d4453